000 00260nam a22001217a 4500
082 _a474
_bBHA/C
100 _aBHADR,BHASKARBHAEE
245 _aCHATHUR BHEERBHAL
260 _aMUMBAI
_bNAVNEET
300 _a31
650 _aSTORY HINDI
_zMAHARASHTRA
942 _cBK
999 _c4861
_d4861